000 00650nam a2200217 i 4500
001 47712
003 ES-MaACL
005 20250903005837.0
007 t|
008 030520s2002 sp ||||0| spa j
020 _a84-481-1621-6
040 _aM-BN
_bspa
_cM-BN
080 _a517.2/.3(075.8)
100 1 _aBurgos, Juan de.
_932655
245 1 0 _aCálculo infinitesimal de varias variables /
_cJuan de Burgos Román.
260 _aMadrid :
_bMcGraw-Hill, Interamericana de España,
_c[2002]
300 _aXI, 365 p. :
_bil. ;
_c25 cm.
650 7 _aCálculo
_2embne
_910668
852 _aES-MaACL
_jL-26339
_bR.132137
999 _c47712
_d47712